[Event "Rio Negro IRT"]
[Site "Rio Negro"]
[Date "2018.08.17"]
[Round "1.3"]
[White "Leskovar, Mario Leopoldo"]
[Black "Lucero, Mauricio"]
[Result "1-0"]
[WhiteElo "2243"]
[BlackElo "1494"]
[PlyCount "68"]
[EventDate "2018.08.17"]
[EventType "tourn"]
[EventRounds "6"]
[EventCountry "ARG"]
[SourceTitle "EXT 2024"]
[Source "ChessBase"]
[SourceDate "2023.10.10"]
[SourceVersion "1"]
[SourceVersionDate "2023.10.10"]
[SourceQuality "1"]

1. b3 e5 2. Bb2 Nc6 3. e3 a6 4. c4 d6 5. Nc3 Bf5 6. d3 h6 7. g3 Nf6 8. Bg2 Nb4 9. e4 Bg6 10. a3 Nc6 11. Nge2 Qd7 12. Nd5 Nxd5 13. cxd5 Nd8 14. f4 f6 15. d4 Nf7 16. Rc1 Be7 17. h4 c5 18. dxc5 dxc5 19. Bh3 Qb5 20. Nc3 Qa5 21. 0-0 Bd6 22. Qg4 Bh7 23. Qxg7 Ke7 24. Be6 Raf8 25. Bxf7 Rxf7 26. Qxh8 Qb6 27. Qc8 exf4 28. Qe6+ Kf8 29. Rxf4 Qd8 30. Rcf1 Be5 31. Qxe5 fxe5 32. Rxf7+ Kg8 33. Rf8+ Qxf8 34. Rxf8+ Kxf8 1-0